Central Library OPAC University of Rajshahi

History of Arabic literature (Umayyad period) / (Record no. 22464)

MARC details
000 -LEADER
fixed length control field 00935nam a2200277 4500
001 - CONTROL NUMBER
control field 22464
003 - CONTROL NUMBER IDENTIFIER
rucl marc code BD-RjUL
005 - DATE AND TIME OF LATEST TRANSACTION
control field 20211209000817.0
008 - FIXED-LENGTH DATA ELEMENTS--GENERAL INFORMATION
fixed length control field 140308s1978 ii b b 00110 eng
020 ## - INTERNATIONAL STANDARD BOOK NUMBER
International Standard Book Number 0706906616
035 ## - SYSTEM CONTROL NUMBER
System control number (BD-RjUL)22529
040 ## - CATALOGING SOURCE
Original cataloging agency DLC
Language of cataloging eng
Transcribing agency DLC
Modifying agency BD-RjUL
041 ## - LANGUAGE CODE
Language code of text/sound track or separate title eng
082 00 - DEWEY DECIMAL CLASSIFICATION NUMBER
Classification number 892.709
Author mark and year FAH 1978
100 1# - MAIN ENTRY--PERSONAL NAME
Personal name Fariq, Khurshid Ahmad,
Dates associated with a name 1920-
9 (RLIN) 69376
245 10 - TITLE STATEMENT
Title History of Arabic literature (Umayyad period) /
Statement of responsibility, etc. K. A. Fariq.
260 ## - PUBLICATION, DISTRIBUTION, ETC. (IMPRINT)
Place of publication, distribution, etc. Delhi :
Name of publisher, distributor, etc. Vikas Publications,
Date of publication, distribution, etc. c1978.
300 ## - PHYSICAL DESCRIPTION
Pagination 104 p. ;
Size 25 cm.
500 ## - GENERAL NOTE
General note At head of title: Indian Institute of Islamic Studies.
504 ## - BIBLIOGRAPHY, ETC. NOTE
Bibliography, etc Includes bibliographical references and index.
650 #0 - SUBJECT ADDED ENTRY--TOPICAL TERM
Topical term or geographic name as entry element Arabic literature
Chronological subdivision To 622
General subdivision History and criticism.
9 (RLIN) 69377
Topical term or geographic name as entry element Arabic literature
Chronological subdivision 622-750
General subdivision History and criticism.
9 (RLIN) 69378
710 20 - ADDED ENTRY--CORPORATE NAME
Corporate name or jurisdiction name as entry element Indian Institute of Islamic Studies.
9 (RLIN) 69379
942 ## - ADDED ENTRY ELEMENTS (KOHA)
Source of classification or shelving scheme Dewey Decimal Classification
Koha item type Books
Holdings
Lost status Source of classification or shelving scheme Damaged status Not for loan Collection code Permanent Location Current Location Shelving location Date acquired Source of acquisition Cost, normal purchase price Total Checkouts Full call number Date last seen Copy number Koha item type
  Dewey Decimal Classification     Non-fiction Central Library, University of Rajshahi Central Library, University of Rajshahi   13/01/1979 India Int., Cal. 50.00   892.709 FAH 1978 08/03/2014 C-2 Books
  Dewey Decimal Classification   Not For Loan Non-fiction Central Library, University of Rajshahi Central Library, University of Rajshahi Reading Room 13/01/1979 India International Calcutta. 50.00   892.709 FAH 1978 01/03/2017 C-1 Books